| 000 | 01439nam a2200301 a 4500 | ||
|---|---|---|---|
| 999 |
_c372703 _d372703 |
||
| 003 | BLK | ||
| 005 | 20250505124721.0 | ||
| 008 | 200702b bu ||||| |||| 00| 0 bu d | ||
| 020 | _a9789546559623 | ||
| 040 | _aBLK | ||
| 041 |
_aBUL _cBUL |
||
| 080 |
_aИстория на Европа _b94(4) _z94(4) |
||
| 100 |
_aФаркуар, Майкъл _eпърви автор _91299 |
||
| 139 |
_aФаркуар, Майкъл _bФ 23 |
||
| 245 |
_aСъкровищница от кралски скандали _cМайкъл Фаркуар ; прев. Радослав Христов |
||
| 260 |
_9209457 _aСофия _bБард _c2019 _f([София] : Алианс принт) _n978-954-655- ; 978-954-585- ; 978-954-584- |
||
| 300 |
_a352 с. : с ил., табл. _c21 см |
||
| 380 | _a9 | ||
| 490 |
_9434844 _aТайните на историята |
||
| 500 | _aОриг. загл.: A treasury of royal scandals / Michael Farquhar. - Биогр. данни за авт. отбелязани на с. 1. - Библиогр.: с. 346-348. | ||
| 650 | 0 |
_9417285 _aАристокрация - Европа |
|
| 650 | 7 |
_9162641 _aМонархии - Европа |
|
| 650 | 0 |
_9265153 _aИстория - Европа |
|
| 700 |
_aХристов, Радослав Христов _d1963- _9376480 |
||
| 852 |
_aЦб 300146 _bП _c940/Ф 23М |
||
| 942 |
_2udc _cKNG _n0 _s1 _014 |
||
| 944 |
_aCR _c2020-07-02 _k30534 _lРадостина Карадакова |
||